APEC: where do we go from here?
Gespeichert in:
| 1. Verfasser: | |
|---|---|
| Format: | Buch |
| Sprache: | Englisch |
| Veröffentlicht: |
Jakarta
Centre for Strategic and International Studies
1995
|
| Schlagworte: | |
| Tags: |
Tag hinzufügen
Keine Tags, Fügen Sie den ersten Tag hinzu!
|
MARC
| LEADER | 00000nam a2200000 a 4500 | ||
|---|---|---|---|
| 001 | UCG2571 | ||
| 003 | CL-VaPUC | ||
| 005 | 20221201074348.0 | ||
| 008 | 100715e19950000io 1 eng d | ||
| 020 | |a 9798026292 | ||
| 082 | 0 | 4 | |a 338.9 |b MAL |2 21 |
| 100 | 1 | |a Malley, Michael |e author |9 621652 | |
| 245 | 1 | 0 | |a APEC: where do we go from here? |
| 260 | |a Jakarta |b Centre for Strategic and International Studies |c 1995 | ||
| 300 | |a 45 p | ||
| 583 | |a last modification |c 20190908 07:27:57 |k Rodrigo Vera | ||
| 600 | 1 | 7 | |a APEC |2 CL-VaPUC |9 371800 |
| 650 | 0 | 0 | |a Economía internacional |9 258254 |
| 650 | 0 | 0 | |a Política económica |9 255029 |
| 942 | |c BK | ||
| 945 | |a dcastane |d 20100715 00:00:00 | ||
| 546 | |a En Inglés | ||
| 536 | |a Indonesian National Committee for Pacific Economic Cooperation | ||
| 536 | |a Centre for Strategic and International Studies | ||
| 518 | |p APEC: where do we go from here?, 1, Jakarta, 14 de noviembre de 1994 | ||
| 999 | |c 384564 |d 384562 | ||
| 952 | |0 0 |1 0 |4 0 |6 338_900000000000000_MAL_1995 |7 0 |8 A |9 507358 |a BIBGIM |b BIBGIM |d 2020-01-23 |i 4692799 |o 338.9 MAL 1995 |p 4692799 |r 2025-01-15 |w 2020-01-23 |y BK |k ORI | ||